Phân tích thiết kế hướng đối tượng bằng UML :Thực hành với Rational Rose

Tallennettuna:
Bibliografiset tiedot
Päätekijä: Đặng Văn Đức
Aineistotyyppi: Kirja
Kieli:Vietnamese
Julkaistu: Giáo Dục 2002
Aiheet:
Tagit: Lisää tagi
Ei tageja, Lisää ensimmäinen tagi!
Thư viện lưu trữ: Mạng thư viện Đại học Đà Nẵng
LEADER 01076nam a2200313 a 4500
001 000001711
003 02241
005 20171229145311.0
008 171229s2002 vie
040 |a LSK 
041 0 |a VIE 
082 0 |a 005.757  |b ĐĂ-Đ 
100 1 |a Đặng Văn Đức 
245 0 0 |a Phân tích thiết kế hướng đối tượng bằng UML :Thực hành với Rational Rose 
260 |b Giáo Dục  |c 2002 
300 |a 288 pages  |c 24 cm. 
653 |a Tin học - UML (Hệ thống hướng đối tượng) 
852 |a Phòng Đọc - Phòng Mượn 
901 |a 27 
927 |a Sách chuyên khảo 
OWN |a LSK 
AVA |a UDN50  |b LSK  |d 005.757 ĐĂ-Đ  |e check_holdings  |t Error 5003 Not defined in file expand_doc_bib_avail.  |h N  |k 1 
999 |a From the UDN01 
AVA |a UDN50  |b LSK  |d 005.757 ĐĂ-Đ  |e available  |t Error 5001 Not defined in file expand_doc_bib_avail.  |f 27  |g 0  |h N  |i 0  |k 1 
TYP |a Monograph 
TYP |a Printed language 
980 |a Mạng thư viện Đại học Đà Nẵng